[Event "Bayern-chI Bank Hofmann 18th"]
[Site "Bad Wiessee"]
[Date "2014.10.25"]
[Round "1"]
[White "Andersson, Ulf"]
[Black "Gaertner, Matthias"]
[Result "1-0"]
[WhiteElo "2520"]
[BlackElo "1977"]
[PlyCount "69"]
[EventDate "2014.10.25"]
[EventType "swiss"]
[EventRounds "9"]
[EventCountry "GER"]
[SourceTitle "EXT 2015"]
[Source "ChessBase"]
[SourceDate "2014.11.20"]
[SourceVersion "1"]
[SourceVersionDate "2014.11.20"]
[SourceQuality "1"]

1. Nf3 Nf6 2. c4 g6 3. g3 Bg7 4. Bg2 d6 5. Nc3 0-0 6. d4 c6 7. 0-0 Nbd7 8. d5 cxd5 9. cxd5 Nc5 10. Nd4 Qb6 11. Nb3 Bd7 12. Nxc5 Qxc5 13. Qb3 Qa5 14. Bd2 Qa6 15. Rfc1 Rac8 16. a4 b6 17. h3 Rfd8 18. Nb5 Qb7 19. Be3 Bxb5 20. Qxb5 Nd7 21. Rc6 Ne5 22. a5 Nxc6 23. dxc6 Qb8 24. axb6 axb6 25. Qxb6 Qxb6 26. Bxb6 Re8 27. c7 e6 28. Bb7 Bxb2 29. Rb1 Bc3 30. Rb3 Be5 31. Bxc8 Rxc8 32. f4 Bf6 33. Ba5 Bd4+ 34. Kg2 Ba7 35. Rb7 1-0